Distributions, complex variables, and Fourier transforms / (Record no. 69710)
[ view plain ]
| 000 -LEADER | |
|---|---|
| fixed length control field | 00913nam a2200265 a 4500 |
| 001 - CONTROL NUMBER | |
| control field | 69710 |
| 003 - CONTROL NUMBER IDENTIFIER | |
| rucl marc code | BD-RjUL |
| 005 - DATE AND TIME OF LATEST TRANSACTION | |
| control field | 20211209081922.0 |
| 008 - FIXED-LENGTH DATA ELEMENTS--GENERAL INFORMATION | |
| fixed length control field | 170413s1965 mau b 001 0 eng d |
| 035 ## - SYSTEM CONTROL NUMBER | |
| System control number | (BD-RjUL)69922 |
| 040 ## - CATALOGING SOURCE | |
| Original cataloging agency | DLC/ICU |
| Transcribing agency | ICU |
| Modifying agency | BD-RjUL |
| Language of cataloging | eng |
| 041 ## - LANGUAGE CODE | |
| Language code of text/sound track or separate title | eng |
| 082 00 - DEWEY DECIMAL CLASSIFICATION NUMBER | |
| Classification number | 515.782 |
| Edition number | 23 |
| Author mark and year | BRD 1965 |
| 100 1# - MAIN ENTRY--PERSONAL NAME | |
| Personal name | Bremermann, Hans. |
| 9 (RLIN) | 206473 |
| 245 10 - TITLE STATEMENT | |
| Title | Distributions, complex variables, and Fourier transforms / |
| Statement of responsibility, etc. | Hans Bremermann. |
| 260 ## - PUBLICATION, DISTRIBUTION, ETC. (IMPRINT) | |
| Place of publication, distribution, etc. | Reading, Mass. : |
| Name of publisher, distributor, etc. | Addison-Wesley Pub. Co. |
| Date of publication, distribution, etc. | 1965 |
| 300 ## - PHYSICAL DESCRIPTION | |
| Pagination | xii, 186 p. ; |
| Size | 25 cm. |
| 504 ## - BIBLIOGRAPHY, ETC. NOTE | |
| Bibliography, etc | Includes bibliography and index |
| 650 #0 - SUBJECT ADDED ENTRY--TOPICAL TERM | |
| Topical term or geographic name as entry element | Theory of distributions (Functional analysis) |
| 9 (RLIN) | 151324 |
| Topical term or geographic name as entry element | Functions of complex variables. |
| 9 (RLIN) | 206475 |
| Topical term or geographic name as entry element | Fourier transformations. |
| 9 (RLIN) | 153355 |
| 830 ## - SERIES ADDED ENTRY--UNIFORM TITLE | |
| Uniform title | Addison-Wesley series in mathematics |
| 942 ## - ADDED ENTRY ELEMENTS (KOHA) | |
| Source of classification or shelving scheme | Dewey Decimal Classification |
| Koha item type | Books |
| Lost status | Source of classification or shelving scheme | Damaged status | Not for loan | Collection code | Permanent Location | Current Location | Shelving location | Date acquired | Source of acquisition | Cost, normal purchase price | Total Checkouts | Full call number | Date last seen | Copy number | Koha item type |
|---|---|---|---|---|---|---|---|---|---|---|---|---|---|---|---|
| Dewey Decimal Classification | Not For Loan | Non-fiction | Central Library, University of Rajshahi | Central Library, University of Rajshahi | Reading Room | 13/04/2017 | Swets and Zeitlinger | 81.00 | 515.782 BRD 1965 | 13/04/2017 | C-1 | Books |